000 01023nam a2200277 a 4500
001 56416
003 BD-RjUL
005 20211209080407.0
008 161129s1990 bg bs f000 0 eng
020 _cTk50.00 ($5.00 U.S.)
035 _a(BD-RjUL)56540
040 _aDLC
_cDLC
_dBD-RjUL
_beng
041 _aeng
082 0 0 _a363.96095492
_223
_bHYC 1990
090 _aHQ766.5.B3
_bH94 1989
100 1 _aHye, Hasnat Abdul.
_9167808
245 1 0 _aCommunity participation :
_bcase studies of population health programmes in Bangladesh /
_cHasnat Abdul Hye, Md. Abdul Quddus.
260 _aComilla, Bangladesh :
_bBangladesh Academy for Rural Development,
_c1989 [ second print 1990]
300 _aiii, 84 p. ;
_c24 cm.
504 _aIncludes bibliographical references (ii p. at end)
650 0 _aBirth control
_zBangladesh
_vCase studies.
_9167809
650 0 _aRural development
_zBangladesh
_vCase studies.
_9167676
700 1 _aQuddus, Md. Abdul,
_d1947-
_9167681
942 _2ddc
_cBK
999 _c56416
_d56416